000 00787nam a22002657a 4500
001 BR2011001776
003 BR-BrBNA
005 20230928103511.0
007 ta
008 230509b bl.||||| |||| 00| 0 por d
040 _aBR-BrBNA
_bpor
_cBiblioteca Nacional de Agricultura
041 _a(Por)
072 _aE71; E16
090 _ E71 BR2011001776
110 1 _aConfederação da Agricultura e Pecuária do Brasil, Brasília, DF (Brasil)
_92548
245 1 _aAgropecuária brasileira: balanço e perspectivas 2008 e 2009
260 3 _aBrasília, DF (Brasil):
_c2009.
300 _a68 p.
650 _aCOMÉRCIO EXTERIOR
650 _aBALANÇO COMERCIAL
650 _aMEIO AMBIENTE
650 _aDADOS ESTATÍSTICOS
909 _a202309
_bLucia
_c55
_dLucia Elande
942 _cBK
999 _c75388
_d75388